Stray Kids dominATE tour stops - Statistics

General Stats
  • This quiz has been taken 64 times
  • The average score is 15 of 34
Answer Stats
Dates City % Correct
24-25/08/2024. 31/08-01/09/2024 Seoul
84%
18-19/06/2025 New York
76%
14/11/2024. 16-17/11/2024 Tokyo
76%
18-19/07/2025 London
71%
26-27/07/2025 Paris
71%
31/05-01/06/2025 Los Angeles
69%
30/07/2025 Rome
67%
22/07/2025 Madrid
60%
29/06/2025 Toronto
58%
11/07/2025 Amsterdam
56%
26/10/2024 Sydney
56%
26/06/2025 Chicago
51%
12-13/04/2025 Mexico City
51%
23/06/2025 Washington, D.C.
49%
15/07/2025 Frankfurt
47%
01/04/2024 Rio de Janeiro
47%
21/12/2024 Jakarta
44%
19/10/2024 Melbourne
42%
14/12/2024 Bangkok
40%
18-19/01/2025 Hong Kong
40%
28/05/2025 San Francisco
38%
05-06/04/2025 São Paulo
38%
09/04/2025 Lima
36%
27-28/03/2025 Santiago
33%
05/12/2024. 07-08/12/2024 Osaka
31%
29-30/11/2024 Macau
27%
14/06/2025 Orlando
24%
06-07/06/2025 Arlington
22%
28/09/2024 Singapore
22%
24/05/2025 Seattle
20%
10/06/2025 Atlanta
16%
03/11/2024 Kaohsiung
11%
10-11/05/2025. 17-18/05/2025 Shizuoka
7%
23/11/2024 Bulacan
4%
No matching quizzes found
Score Distribution
Percent of People with Each Score
Percentile by Number Answered
Your Score History
You have not taken this quiz